| 000 | 00421nam a2200157Ia 4500 | ||
|---|---|---|---|
| 008 | 230312s9999||||xx |||||||||||||| ||und|| | ||
| 020 | _a0-14-00-67515-5 | ||
| 082 |
_a650.14 _bCAS-W |
||
| 100 | _aEllen Cassedy | ||
| 245 | 0 | _a9 to 5 the Working Women's Guide to Office Survival | |
| 260 |
_bPENGUIN BOOKS _aEngland _c1983 |
||
| 300 | _a173 | ||
| 546 | _aEng. | ||
| 650 |
_aManagement _vA Matter of Respect |
||
| 942 | _cBK | ||
| 999 |
_c1282 _d1282 |
||